000 01159nam0a2200385 4500
001 RU\NLR\BIBL_A\022121152
005 20240213152629.0
010 _a978-5-04-190139-4
_92000
021 _aRU
_bКН-П-23-078099
_9КН-П-23-7892
035 _a(NLR Aleph) 022121152
035 _a(RuMoRGB)012433405
090 _a12807613
_c12807613
100 _a20231214d2024 u y0rusy50 ca
101 0 _arus
102 _aRU
105 _ay z 000ay
181 0 _ai
_baxxe
182 0 _an
200 1 _aКибер-Ангел
_fЕлена Фили
203 _aТекст
_bвизуальный
_cнепосредственный
210 _aМосква
_cЭксмо
_d2024 (печ. 2023)
215 _a314, [3] с.
_d21
225 1 _aАнтихакер. IT-детектив
333 _a16+
675 _a821.161.1-31
_v4
686 2 _aШ6(2=Р)8-445
700 1 _aФили
_bЕ.
_gЕлена
801 0 _aRU
_bRuMoRKP
_c20231214
_gPSBO
801 1 _aRU
_bRuMoRGB
_c20231214
801 2 _aRU
_bRuMoRGB
_c20231227
_gPSBO
942 _cBOOK
980 _aNB